Statistics for 20 Famous People from Finland

Click here to take the quiz!

General Stats

  • This quiz has been taken 175 times
    (107 since last reset)
  • The average score is 11 of 20

Answer Stats

HintAnswer% Correct
Formula One World Champion in 2007Kimi Räikkönen
88%
Composer whose famous work is FinlandiaJean Sibelius
71%
Formula One World Champion in 1998 and 1999Mika Häkkinen
69%
Basketball player who played for Chicago, Cleveland and UtahLauri Markkanen
66%
Longest-serving President of Finland who served from 1956 to 1982Urho Kekkonen
60%
Politician who was the first woman to hold the positionTarja Halonen
58%
Commander-in-chief of Finland's defence forces during World War IICarl Gustaf Emil Mannerheim
57%
Widely considered to be Finland's greatest football player of all timeJari Litmanen
56%
Formula One driver who drove for Williams, Mercedes and Alfa RomeoValtteri Bottas
56%
Politician, President of Finland, a Nobel Peace Prize laureate, and a UN diplomatMartti Ahtisaari
55%
Architect and designer whose work includes furniture, textiles and glasswareAlvar Aalto
52%
Middle-distance and long-distance runner who was called the "Flying Finn"Paavo Nurmi
51%
Nicknamed "the Finnish Flash", the highest scoring Finn in NHL historyTeemu Selänne
47%
Widely considered to be the greatest male ski jumper of all timeMatti Nykänen
45%
Creator of Finnish as a written language and translator of the New TestamentMikael Agricola
45%
Author who wrote the first significant novel in the Finnish language Seven BrothersAleksis Kivi
44%
Software engineer who is the creator and the main developer of the LinuxLinus Torvalds
43%
Creator of The Kalevala, Finland's national epicElias Lönnrot
36%
Film director of the movies Die Hard 2, Cliffhanger and Deep Blue SeaRenny Harlin
30%
Musician, best known as the lead vocalist of the gothic rock band HIMVille Valo
29%

Score Distribution

Percentile by Number Answered

Percent of People with Each Score

Your Score History

You have not taken this quiz since the last reset